| 000 | 00983nas a2200313 4500 | ||
|---|---|---|---|
| 001 | BR2013007583 | ||
| 003 | BR-BrBNA | ||
| 005 | 20231205122947.0 | ||
| 007 | ta | ||
| 008 | 230509b bl.|||p| |||| 00| 00por d | ||
| 040 |
_aBR-BrBNA _bpor _cBiblioteca Nacional de Agricultura |
||
| 041 | _a(Pt) | ||
| 072 | _aL74 | ||
| 100 | 1 | _aAlmeida, A.C. de | |
| 100 | 1 | _aPires, A.F. | |
| 100 | 1 | _aHaese, D. | |
| 100 | 1 | _aAlves, A. | |
| 100 | 1 | _aGalaes, G. | |
| 245 | 1 | _aTerapia nutricional para cães com caquexia devido à síndrome paraneoplásica: revisão de literatura | |
| 650 | _aCÃO | ||
| 650 | _aDISTÚRBIO METABÓLICO | ||
| 650 | _aPESO | ||
| 650 | _aPERDA | ||
| 650 | _aNEOPLASIA | ||
| 650 | _aNUTRIÇÃO ANIMAL | ||
| 773 | 0 |
_tMedvep. Revista Científica de Medicina Veterinária. Pequenos Animais e Animais de Estimação (Brazil) _xISSN 1678-1430 _g(2012), v. 10(35) p. 32-39 _wBR2013007583 |
|
| 909 |
_a202311 _bLúcia _c55 _dLúcia Elande |
||
| 942 |
_2AGRIS _n0 _cANA |
||
| 999 |
_c231481 _d231481 |
||